Big 5 à l'Eurovision 2022 - Statistiques

Statistiques générales
  • Ce quiz a été pris 82 fois
  • Le résultat moyen est 8 sur 12
Statistiques - réponses
Hint Réponse % Correct
Qui est arrivé dernier ? Allemagne
99%
Quel est le pays membre du Big 5 qui s'est placé le plus haut parmi les 5 membres ? Royaume-Uni
97%
Qui s'est placé le plus haut dans les votes du jury ? Royaume-Uni
97%
Qui s'est placé le plus haut dans les votes du public ? Espagne
90%
En quelle langue a été chantée la chanson de la France ? Breton
79%
Quels sont les 5 pays membres du Big 5 ? (Enoncer dans l'ordre alphabétique) AllemagneEspagne France Italie Royaume-Uni
76%
Quelle place ce pays a-t-il eu ? Deuxième
68%
Avec quelle chanson l'Espagne a concouru ? SloMo
66%
Combien de points a reçu la France ? 17
60%
Qui a représenté l'Italie ? Mahmood et Blanco
53%
Avec combien de points ? 466
25%
A quelle place est arrivée la France ? Avant-dernière
25%
Aucun quiz correspondant
Distribution des résultats
% des personnes avec chaque résultat
Percentile par nombre de réponses
Votre historique - résultats
Vous n’avez pas pris ce quiz